<?xml version="1.0" encoding="UTF-8"?>
<record
    xmlns:xsi="http://www.w3.org/2001/XMLSchema-instance"
    xsi:schemaLocation="http://www.loc.gov/MARC21/slim http://www.loc.gov/standards/marcxml/schema/MARC21slim.xsd"
    xmlns="http://www.loc.gov/MARC21/slim">

  <leader>00916nam a22002295i 4500</leader>
  <controlfield tag="001">167206</controlfield>
  <controlfield tag="003">ES-MaACL</controlfield>
  <controlfield tag="005">20251126140718.0</controlfield>
  <controlfield tag="008">971230s1894    sp a         |||| | spa d</controlfield>
  <datafield tag="040" ind1=" " ind2=" ">
    <subfield code="a">NA </subfield>
    <subfield code="b">spa </subfield>
    <subfield code="c">NA</subfield>
  </datafield>
  <datafield tag="100" ind1="1" ind2=" ">
    <subfield code="a">Vera y Gonz&#xE1;lez, Enrique.</subfield>
    <subfield code="9">133625</subfield>
  </datafield>
  <datafield tag="245" ind1="1" ind2="3">
    <subfield code="a">El Marqu&#xE9;s de Santa Marta </subfield>
    <subfield code="b">: estudio biogr&#xE1;fico / </subfield>
    <subfield code="c">por Enrique Vera y Gonz&#xE1;lez.</subfield>
  </datafield>
  <datafield tag="260" ind1=" " ind2=" ">
    <subfield code="a">Madrid : </subfield>
    <subfield code="b">[s. n. ], </subfield>
    <subfield code="c">1894 (</subfield>
    <subfield code="f">Imprenta de Dionisio de los R&#xED;os)</subfield>
  </datafield>
  <datafield tag="300" ind1=" " ind2=" ">
    <subfield code="a">2 v. (629, [1] h. de fot. ; 747 p.) ; </subfield>
    <subfield code="c">25 cm.</subfield>
  </datafield>
  <datafield tag="599" ind1=" " ind2="1">
    <subfield code="a">La h. de fot. es retrato de D. Enrique P&#xE9;rez de Guzm&#xE1;n.</subfield>
  </datafield>
  <datafield tag="600" ind1="1" ind2="7">
    <subfield code="a">Santa Marta, Enrique P&#xE9;rez de Guzm&#xE1;n el Bueno, </subfield>
    <subfield code="c">Marqu&#xE9;s de, </subfield>
    <subfield code="d">1826-1902</subfield>
    <subfield code="2"></subfield>
    <subfield code="9">131484</subfield>
  </datafield>
  <datafield tag="700" ind1="1" ind2="1">
    <subfield code="a">R&#xED;os, Dionisio de los</subfield>
    <subfield code="e">imp.</subfield>
    <subfield code="9">132233</subfield>
  </datafield>
  <datafield tag="752" ind1=" " ind2=" ">
    <subfield code="a">Espa&#xF1;a - </subfield>
    <subfield code="d">Madrid</subfield>
  </datafield>
  <datafield tag="852" ind1=" " ind2=" ">
    <subfield code="a">ES-MaACL</subfield>
    <subfield code="j">F-10427-10428 </subfield>
    <subfield code="z">-- R&#xFA;st.</subfield>
  </datafield>
  <datafield tag="852" ind1=" " ind2=" ">
    <subfield code="a">ES-MaACL</subfield>
    <subfield code="j">G-10179-10180 </subfield>
    <subfield code="z">-- Enc. hol.</subfield>
  </datafield>
  <datafield tag="999" ind1=" " ind2=" ">
    <subfield code="c">167206</subfield>
    <subfield code="d">167206</subfield>
  </datafield>
  <datafield tag="952" ind1=" " ind2=" ">
    <subfield code="0">0</subfield>
    <subfield code="1">0</subfield>
    <subfield code="4">0</subfield>
    <subfield code="7">0</subfield>
    <subfield code="8">LIBXIX</subfield>
    <subfield code="a">ATENEOM</subfield>
    <subfield code="b">ATENEOM</subfield>
    <subfield code="c">SPP3</subfield>
    <subfield code="d">2008-01-17</subfield>
    <subfield code="e">SSC</subfield>
    <subfield code="l">0</subfield>
    <subfield code="o">G-10179-10180</subfield>
    <subfield code="p">1175400</subfield>
    <subfield code="r">2023-02-23 00:00:00</subfield>
    <subfield code="w">2023-02-23</subfield>
    <subfield code="y">MONANT</subfield>
  </datafield>
  <datafield tag="952" ind1=" " ind2=" ">
    <subfield code="0">0</subfield>
    <subfield code="1">0</subfield>
    <subfield code="4">0</subfield>
    <subfield code="7">0</subfield>
    <subfield code="8">LIBXIX</subfield>
    <subfield code="a">ATENEOM</subfield>
    <subfield code="b">ATENEOM</subfield>
    <subfield code="c">SPP2</subfield>
    <subfield code="d">2008-01-17</subfield>
    <subfield code="e">SSC</subfield>
    <subfield code="l">0</subfield>
    <subfield code="o">F-10427-10428</subfield>
    <subfield code="p">1175399</subfield>
    <subfield code="r">2023-02-23 00:00:00</subfield>
    <subfield code="w">2023-02-23</subfield>
    <subfield code="y">MONANT</subfield>
  </datafield>
</record>
